Text book of Pharmacovigilance (Record no. 13061)

MARC details
000 -LEADER
fixed length control field 00426nam a22001817a 4500
003 - CONTROL NUMBER IDENTIFIER
control field OSt
008 - FIXED-LENGTH DATA ELEMENTS--GENERAL INFORMATION
fixed length control field 250204b |||||||| |||| 00| 0 eng d
020 ## - INTERNATIONAL STANDARD BOOK NUMBER
International Standard Book Number 9789390596492
082 ## - DEWEY DECIMAL CLASSIFICATION NUMBER
Classification number 615.1 BHT
100 ## - MAIN ENTRY--PERSONAL NAME
Personal name Bhise, S.B
245 ## - TITLE STATEMENT
Title Text book of Pharmacovigilance
250 ## - EDITION STATEMENT
Edition statement 2nd
260 ## - PUBLICATION, DISTRIBUTION, ETC. (IMPRINT)
Place of publication, distribution, etc N.Delhi
Name of publisher, distributor, etc Nirali Pub.
Date of publication, distribution, etc 2022
300 ## - PHYSICAL DESCRIPTION
Extent 5.22,vp
650 ## - SUBJECT ADDED ENTRY--TOPICAL TERM
Topical term or geographic name as entry element Pharmacovigilance
700 ## - ADDED ENTRY--PERSONAL NAME
Personal name Bhise, M.S
942 ## - ADDED ENTRY ELEMENTS (KOHA)
Source of classification or shelving scheme Dewey Decimal Classification
Koha item type Text Books
Holdings
Withdrawn status Lost status Source of classification or shelving scheme Damaged status Not for loan Collection code Home library Current library Date acquired Source of acquisition Currency Cost, normal purchase price Bill Number Total Checkouts Full call number Acc. no. / Barcode Date last seen Actual Cost, discounted price Bill Date Koha item type Date last borrowed Checked out
    Dewey Decimal Classification     B.Pharma PIET C-LIBRARY PIET C-LIBRARY 23/01/2025 Zafaa Books Distributres In Rupees 230.00 ZBDO449   615.1 BHT BP2606 04/02/2025 172.50 22/01/2025 Reference Books    
    Dewey Decimal Classification     B.Pharma PIET C-LIBRARY PIET C-LIBRARY 23/01/2025 Zafaa Books Distributres In Rupees 230.00 ZBDO449 1 615.1 BHT BP2607 07/07/2025 172.50 22/01/2025 Text Books 25/06/2025  
    Dewey Decimal Classification     B.Pharma PIET C-LIBRARY PIET C-LIBRARY 23/01/2025 Zafaa Books Distributres In Rupees 230.00 ZBDO449 1 615.1 BHT BP2608 17/06/2025 172.50 22/01/2025 Text Books 17/06/2025 05/01/2026

Design & Developed by: PIET Central Library
R70 Miles Stone Pattikalyana Samalkha Panipat 132102
mail ID :- [email protected], Phone No:- 0180-2569700 Ex.216